Population dynamics of male Euglossine bees in Amazonian forest fragments (Registro nro. 13749)

Detalles MARC
000 -CABECERA
Campo de control 003560000a22001210004500
090 ## - CLASIFICACIÓN LOCAL
Colección AR
Consecutivo 04649
041 0# - IDIOMA
Código de idioma para texto/pista de sonido o título separado
100 1# - ASIENTO PRINCIPAL--NOMBRE PERSONAL
Nombre personal Powell, Harriett A.
245 10 - MENCION DE TITULO
Título Population dynamics of male Euglossine bees in Amazonian forest fragments
700 1# - ASIENTO SECUNDARIO - NOMBRE PERSONAL
Nombre personal Powell, George V. N.
773 1# - Item fuente:
Título Biotropica
Descripción física 2
Paginas del Articulo 176-179
Lugar, editorial y fecha de publicación 1987
Información sobre la relación 19
942 ## - ELEMENTOS ADICIONALES (KOHA)
Tipo de ítem Artículo
Existencias
Withdrawn status Lost status Damaged status No para préstamo Colección Ubicación Permanente Ubicación actual Fecha de adquisición Fuente de Valor Datos de publicación Seriada Total Checkouts Número topográfico Inventario / Código de Barras Date last seen Ejemplar Price effective from Forma de adquisición Tipo de material
      No para Préstamo Hemeroteca Bogotá Bogotá 12/04/2010 Escobar Sarria, Federico Fuera de circulación   AR 04649 028006 25/03/2015 1 25/03/2015   Artículo